<?xml version="1.0" encoding="UTF-8"?>
<record
    xmlns:xsi="http://www.w3.org/2001/XMLSchema-instance"
    xsi:schemaLocation="http://www.loc.gov/MARC21/slim http://www.loc.gov/standards/marcxml/schema/MARC21slim.xsd"
    xmlns="http://www.loc.gov/MARC21/slim">

  <leader>00804nam a22001937a 4500</leader>
  <controlfield tag="003">OSt</controlfield>
  <controlfield tag="005">20180921091537.0</controlfield>
  <controlfield tag="008">170421t        xxu||||| |||| 00| 0 eng d</controlfield>
  <datafield tag="040" ind1=" " ind2=" ">
    <subfield code="a">BSHUA</subfield>
    <subfield code="b">Shqip</subfield>
    <subfield code="c">BSHUA</subfield>
  </datafield>
  <datafield tag="082" ind1=" " ind2=" ">
    <subfield code="b">787.3/Bok.</subfield>
  </datafield>
  <datafield tag="100" ind1=" " ind2=" ">
    <subfield code="a">Boccherini, Luigi ;</subfield>
  </datafield>
  <datafield tag="245" ind1=" " ind2=" ">
    <subfield code="a">6 Sonate :</subfield>
    <subfield code="b">Per Violoncello e Pianoforte /</subfield>
  </datafield>
  <datafield tag="260" ind1=" " ind2=" ">
    <subfield code="a">Milano :</subfield>
    <subfield code="b">G. Ricordi &amp; Co. ,</subfield>
    <subfield code="c">1983 .</subfield>
  </datafield>
  <datafield tag="300" ind1=" " ind2=" ">
    <subfield code="c">31.5 cm. .                                                                                     </subfield>
    <subfield code="g">71 f. : me nota ;</subfield>
  </datafield>
  <datafield tag="653" ind1=" " ind2=" ">
    <subfield code="a">Partitura - Violoncel - Piano - Klavir.</subfield>
    <subfield code="a">Muzika boterore - Muzika italiane.</subfield>
    <subfield code="a">Muzike per violoncel dhe piano - Sonata.</subfield>
    <subfield code="a">6 Sonata per violoncel dhe piano - Parti pianos + parti solo.</subfield>
    <subfield code="a">Kompozitoret italiane - Luixhi Bokerini.</subfield>
  </datafield>
  <datafield tag="856" ind1=" " ind2=" ">
    <subfield code="y">Fulltext</subfield>
  </datafield>
  <datafield tag="942" ind1=" " ind2=" ">
    <subfield code="2">udc</subfield>
    <subfield code="c">SCORE</subfield>
  </datafield>
  <datafield tag="953" ind1=" " ind2=" ">
    <subfield code="a">0</subfield>
  </datafield>
  <datafield tag="999" ind1=" " ind2=" ">
    <subfield code="c">16805</subfield>
    <subfield code="d">16805</subfield>
  </datafield>
  <datafield tag="952" ind1=" " ind2=" ">
    <subfield code="0">0</subfield>
    <subfield code="1">0</subfield>
    <subfield code="2">udc</subfield>
    <subfield code="4">0</subfield>
    <subfield code="7">0</subfield>
    <subfield code="a">UArtLib2</subfield>
    <subfield code="b">UArtLib2</subfield>
    <subfield code="d">2018-09-21</subfield>
    <subfield code="g">17.00</subfield>
    <subfield code="l">4</subfield>
    <subfield code="o">787.3/Bok.</subfield>
    <subfield code="p">37249</subfield>
    <subfield code="r">2022-07-20</subfield>
    <subfield code="s">2022-02-24</subfield>
    <subfield code="w">2018-09-21</subfield>
    <subfield code="y">SCORE</subfield>
  </datafield>
</record>
